00317nam a2200121Ia 4500008004100000020001800041041000800059082001000067100003300077245005400110260002300164300000800187230724s2017 xx und d a9789381444122 aeng a711.5 aMEHROTRA RAHUL, JOSHI PANKAJ aMUMBAI READER 17, URBAN DESIGN RESEARCH INSTITUTE bUSMALA MASIKc2017 a475